Normal view
MARC view
- Obregón, José María,
Entry Nombre Personal
001 - NUMERO DE CONTROL
- campo de control: 51450
003 - IDENTIFICADOR DE NUMERO DE CONTROL
- campo de control: DLC
005 - FECHA Y HORA DE LA ÜLTIMA TRANSACCIÓN
- campo de control: 20240321112741.0
008 - DATOS DE LONGITUD FIJA
- campo de control de longitud fija: 041117n| azannaabn |n aaa
010 ## - NÚMERO DE CONTROL DE LA BIBLIOTECA DEL CONGRESO
- Número de control LC: n 2004147525
035 ## - NUMERO DE CONTROL
- Número de control: (OCoLC)oca06498355
040 ## - FUENTE DE CATALOGACIÓN
- Agencia original de catalogación: DLC
- Lenguaje de catalogación: spa
- Description conventions: rda
- Agencia de transcripción: DLC
- Agencia que lo modifica: ICrlF
- Agencia que lo modifica: MX-MxUPN
046 ## - FECHAS CON CODIFICACIÓN ESPECIAL
- Fecha de nacimiento: 19631106
100 1# - ENCABEZAMIENTO - NOMBRE PERSONAL
- Nombre personal: Obregón, José María,
- Fechas asociadas con el nombre: 1963-
670 ## - FUENTE EN LA QUE SE LOCALIZARON DATOS
- Cita de la fuente: Obregón, José María. California, 2006:
- Información localizada: ECIP t.p. (José María Obregón)
670 ## - FUENTE EN LA QUE SE LOCALIZARON DATOS
- Cita de la fuente: Phone call to publisher, Nov. 17, 2004
- Información localizada: (José María Obregón; a pseudonym; b. Nov. 6, 1963)
670 ## - FUENTE EN LA QUE SE LOCALIZARON DATOS
- Cita de la fuente: El gran día, 2006 :
- Información localizada: (José María Obregón)
902 ## - CATALOGADOR
- Catalogador: VíctorGodínez/210324
